000 01071 a2200301 4500
999 _c116547
_d116547
003 BJBSDDR
005 20230411090806.0
007 ta
008 220808s2021 nyu||||| |||| 00| 0 eng d
020 _a9781982160272
020 _a1982160276
040 _bspa
_cBJBSDDR
041 _aeng
050 1 4 _aHD 78
_bD143p 2021
100 1 _aDalio, Ray
_q(Raymond Thomas),
_d1949‐
245 1 0 _aPrinciples for dealing with the changing world order :
_b[Why nations succeed or fail] /
_cRay Dalio
246 3 _aChanging world order
260 _aNew York :
_bAvid Reader Press,
_c 2021.
300 _a557 p.:
_bill.;
_c24 cm
500 _aSubtitulo tomado de la cubierta
520 _aExamines history's most turbulent economic and political periods to reveal why the times ahead will likely be radically different from those in recent memory.
650 4 _92117
_aDesarrollo económico
_xHistoria
650 4 _94323
_aPolítica económica
_xHistoria
650 4 _93048
_aBalance de poder
650 4 _928
_aHistoria económica
942 _2lcc
_cBK
946 _irmza